[Event "AUTO-MASTER-2262"]
[Site "http://www.queenalice.com/game.php?id=1346515"]
[Date "2015.3.9"]
[Round "1"]
[White "crolik"]
[Black "LOMBARDY"]
[Result "1-0"]
[WhiteElo "2263"]
[BlackElo "2127"]

1. e4 c5 2. c3 Nf6 3. e5 Nd5 4. d4 e6 5. Nf3 cxd4 6. cxd4 Bb4+ 7. Bd2 Bxd2+ 8.
Qxd2 Nc6 9. Nc3 Nxc3 10. bxc3 d5 11. Bd3 h6 12. O-O O-O 13. Rfc1 Na5 14. Rab1 b6
15. Qe2 Bb7 16. Nd2 Rc8 17. Nf1 Qd7 18. Ng3 Nc4 19. f4 f6 20. exf6 Rxf6 21. Nh5
Rff8 22. Rf1 Nd6 23. Rf3 Rce8 24. Nxg7 Kxg7 25. Rg3+ Kh8 26. Qe5+ 1-0

[Event "AUTO-MASTER-2262"]
[Site "http://www.queenalice.com/game.php?id=1346522"]
[Date "2015.3.9"]
[Round "1"]
[White "Kingkila"]
[Black "crolik"]
[Result "0-1"]
[WhiteElo "2000"]
[BlackElo "2271"]

1. e4 e6 2. e5 d5 3. d4 c5 4. b3 Nc6 5. Ba3 Nxd4 6. Ne2 Qa5+ 7. Qd2 Nxc2+ 8. Kd1
Qxd2+ 9. Nxd2 Nxa3 10. Nc3 f6 11. Bb5+ Nxb5 12. Nxb5 Kd8 13. f4 fxe5 14. fxe5
Be7 15. Rf1 Nh6 16. h3 Bd7 17. Nc3 Nf5 18. Rf3 Nh4 19. Rg3 Kc7 20. Rxg7 Ng6 21.
Nf3 Raf8 22. a4 a5 23. Ke2 Rfg8 24. Rxg8 Rxg8 25. g3 d4 26. Ne4 Bc6 27. Kd3 Rf8
28. Rf1 Rxf3+ 29. Rxf3 Nxe5+ 30. Ke2 Nxf3 31. Kxf3 Bxe4+ 32. Kf4 d3 33. Ke3 Bg5+
34. Kf2 d2 35. Ke2 Bf3+ 36. Kxf3 d1=Q+ 37. Ke4 Qe2# 0-1

[Event "AUTO-MASTER-2262"]
[Site "http://www.queenalice.com/game.php?id=1346523"]
[Date "2015.3.9"]
[Round "1"]
[White "crolik"]
[Black "Kingkila"]
[Result "1-0"]
[WhiteElo "2249"]
[BlackElo "1975"]

1. e4 e5 2. d4 exd4 3. Nf3 c5 4. Bc4 h6 5. Ne5 d5 6. Bxd5 Be6 7. Bxe6 fxe6 8.
Qh5+ Ke7 9. Qf7+ Kd6 10. Na3 c4 11. Naxc4+ Kc5 12. Qxb7 Bd6 13. b4# 1-0

[Event "AUTO-MASTER-2262"]
[Site "http://www.queenalice.com/game.php?id=1397796"]
[Date "2015.12.8"]
[Round "2"]
[White "crolik"]
[Black "franz_ferdinand"]
[Result "1-0"]
[WhiteElo "2291"]
[BlackElo "1893"]

1. e4 e5 2. d4 d6 3. dxe5 dxe5 4. Qxd8+ Kxd8 5. Nf3 f6 6. Bc4 Bc5 7. O-O c6 8.
Bd2 Bg4 9. Ne1 Ne7 10. Nd3 Bb6 11. Re1 Nd7 12. b4 Rc8 13. a3 g5 14. h3 Bh5 15.
Be6 Ra8 16. Nc3 Bd4 17. Rab1 Nf8 18. Bc4 Nd7 19. Ne2 Bxe2 20. Rxe2 b5 21. Bb3 a5
22. c3 Bb6 23. Rc1 1-0

[Event "AUTO-MASTER-2262"]
[Site "http://www.queenalice.com/game.php?id=1397797"]
[Date "2015.12.8"]
[Round "2"]
[White "franz_ferdinand"]
[Black "crolik"]
[Result "0-1"]
[WhiteElo "1908"]
[BlackElo "2290"]

1. e4 e6 2. d4 d5 3. Nc3 Nf6 4. Bg5 Bb4 5. e5 h6 6. Bd2 Bxc3 7. bxc3 Ne4 8. Qg4
g6 9. Bd3 Nxd2 10. Kxd2 c5 11. h4 Qa5 12. Nf3 Nd7 13. Bxg6 Nb6 14. Bxf7+ Kxf7
15. Qh5+ Ke7 16. Ng5 Rf8 17. Qxh6 Nc4+ 18. Ke2 Qxc3 19. Qg7+ Ke8 20. Qg6+ Kd8
21. Qd3 cxd4 22. Qxc3 dxc3 23. h5 Nxe5 0-1

[Event "Challenge"]
[Site "http://www.queenalice.com/game.php?id=1403525"]
[Date "2016.1.10"]
[Round "-"]
[White "crolik"]
[Black "Albator007"]
[Result "0-1"]
[WhiteElo "2274"]
[BlackElo "2127"]

1. e4 e5 2. d4 exd4 3. Nf3 Bc5 4. c3 dxc3 5. Nxc3 d6 6. Bc4 Nf6 7. e5 Qe7 8. O-O
dxe5 9. Nxe5 O-O 10. Re1 Be6 11. Nd3 Nc6 12. Bg5 Bd4 13. Ne4 Rad8 14. Qc2 h6 15.
Bh4 g5 16. Bg3 Bxc4 17. Nxf6+ Qxf6 18. Qxc4 Bb6 19. Re4 Rfe8 20. Rxe8+ Rxe8 21.
Rd1 Qf5 22. Kh1 Nd4 23. Qc1 c6 0-1

[Event "Challenge"]
[Site "http://www.queenalice.com/game.php?id=1412760"]
[Date "2016.3.9"]
[Round "-"]
[White "crolik"]
[Black "Albator007"]
[Result "0-1"]
[WhiteElo "2292"]
[BlackElo "2104"]

1. e4 e5 2. d4 exd4 3. Nf3 Nc6 4. Nxd4 Bc5 5. Be3 Qf6 6. Nb5 Bxe3 7. fxe3 Qh4+
8. g3 Qxe4 9. Nxc7+ Kd8 10. Nxa8 Qxh1 11. Qd6 Nf6 12. Nd2 Ne8 13. Qf4 Qxh2 14.
O-O-O Qh6 15. Qxf7 Qxe3 16. Bb5 Nd4 17. Bd3 b6 18. Qd5 Nc6 19. Kb1 Nb4 20. Qb3
Nxd3 0-1

[Event "Challenge"]
[Site "http://www.queenalice.com/game.php?id=1417747"]
[Date "2016.4.10"]
[Round "-"]
[White "crolik"]
[Black "Albator007"]
[Result "0-1"]
[WhiteElo "2275"]
[BlackElo "2320"]

1. e4 c5 2. c3 b6 3. d4 Bb7 4. Bd3 Nf6 5. d5 c4 6. Bxc4 Nxe4 7. Nf3 e6 8. O-O
Be7 9. Bf4 O-O 10. d6 Bf6 11. Nbd2 Nxd2 12. Nxd2 Bg5 13. Qg4 Bxf4 14. Qxf4 Nc6
15. Rfe1 f6 16. Re3 Ne5 17. Qh4 Ng6 18. Qd4 Rc8 19. Rae1 Rc5 20. Rg3 Qc8 21.
Ree3 Rh5 0-1

[Event "Match Brazil vs France"]
[Site "http://www.queenalice.com/game.php?id=1418788"]
[Date "2016.4.17"]
[Round "-"]
[White "Ksychess"]
[Black "crolik"]
[Result "0-1"]
[WhiteElo "2411"]
[BlackElo "2258"]

1. d4 e6 2. c4 Nf6 3. Nf3 b6 4. Nc3 Bb7 5. a3 d5 6. Bf4 Bd6 7. Bxd6 Qxd6 8. cxd5
exd5 9. Qa4+ c6 10. e3 O-O 11. Rc1 Re8 12. Be2 Nbd7 13. O-O Ne4 14. Qc2 Ndf6 15.
Ne5 Nxc3 16. Qxc3 c5 17. dxc5 Qxe5 18. Qxe5 Rxe5 0-1

[Event "AUTO-MASTER-2525"]
[Site "http://www.queenalice.com/game.php?id=1447931"]
[Date "2016.11.4"]
[Round "1"]
[White "Equiferus"]
[Black "crolik"]
[Result "0-1"]
[WhiteElo "1928"]
[BlackElo "2286"]

1. e4 e6 2. d4 d5 3. e5 c5 4. c3 Nc6 5. Nf3 Qb6 6. Bd3 cxd4 7. O-O Bd7 8. a4 Rc8
9. cxd4 Nge7 10. Nc3 Nxd4 11. Nxd4 Qxd4 12. Be3 Qxe5 13. Ne2 Nc6 14. Qb3 Be7 15.
Bf4 Nd4 16. Nxd4 Qxf4 17. Ne2 Qe5 18. f4 Qb8 19. Nd4 O-O 20. Nf3 Qxf4 21. Rae1
Bxa4 22. Qxb7 Bc5+ 23. Kh1 Rb8 24. Qa6 Rxb2 25. g3 Qg4 26. Rb1 Bb5 27. Rxb2 Bxa6
28. Bxa6 Bb6 29. Be2 Rc8 30. Rd2 f6 31. Kg2 Qb4 32. h4 a5 33. Ra2 a4 34. Rfa1
Qc5 35. Kh3 Ra8 36. Bd1 a3 37. Bb3 e5 38. Nd2 f5 39. Nf3 Qb5 40. Rb1 Kf8 41. Bc2
Qc4 42. Bb3 Qd3 43. Bxd5 Qxd5 0-1

[Event "AUTO-MASTER-2525"]
[Site "http://www.queenalice.com/game.php?id=1447932"]
[Date "2016.11.4"]
[Round "1"]
[White "crolik"]
[Black "Equiferus"]
[Result "1-0"]
[WhiteElo "2271"]
[BlackElo "1941"]

1. e4 d5 2. exd5 Qxd5 3. Nf3 e5 4. Nc3 Qa5 5. Bc4 Be7 6. Qe2 f6 7. d4 Bg4 8.
dxe5 Nd7 9. e6 Ne5 10. Bd2 Qc5 11. Bb3 Bxf3 12. gxf3 g5 13. O-O-O O-O-O 14. Ne4
Qc6 15. Qe3 Nc4 16. Qxa7 Qa6 17. Qxa6 bxa6 18. Bxc4 Kb7 19. Ba5 Rxd1+ 20. Rxd1
Nh6 21. Rd7 Re8 22. Rxc7+ 1-0

[Event "AUTO-MASTER-2525"]
[Site "http://www.queenalice.com/game.php?id=1447947"]
[Date "2016.11.4"]
[Round "1"]
[White "crolik"]
[Black "madriles"]
[Result "1-0"]
[WhiteElo "2275"]
[BlackElo "2068"]

1. e4 c5 2. c3 d6 3. d4 Nc6 4. d5 Ne5 5. Be2 Nf6 6. Nf3 Nxf3+ 7. Bxf3 g6 8. O-O
Bg7 9. Bf4 O-O 10. Nd2 e6 11. Bg3 exd5 12. exd5 b5 13. a4 b4 14. cxb4 cxb4 15.
Re1 Bb7 16. Nc4 Ne8 17. Qd2 a5 18. Rad1 Qf6 19. b3 Ba6 20. Rc1 Bb7 21. Nb6 Rd8
22. Qe3 Qd4 23. Nc4 f5 24. Nxa5 Bxd5 25. Qxd4 Bxd4 26. Bxd5+ Kg7 27. Nb7 Rd7 28.
Bh4 Be5 29. Nd8 Bf4 30. Ne6+ Kh8 31. Nxf8 1-0

[Event "AUTO-MASTER-2525"]
[Site "http://www.queenalice.com/game.php?id=1447948"]
[Date "2016.11.4"]
[Round "1"]
[White "madriles"]
[Black "crolik"]
[Result "0-1"]
[WhiteElo "2060"]
[BlackElo "2281"]

1. d4 e6 2. c4 Nf6 3. Bg5 c5 4. e3 h6 5. Bh4 d5 6. Nf3 cxd4 7. exd4 Be7 8. Nc3
O-O 9. cxd5 exd5 10. Be2 Nc6 11. O-O Bf5 12. Bd3 Ne4 13. Bxe7 Nxe7 14. Re1 Nxc3
15. bxc3 Bxd3 16. Qxd3 Ng6 17. Rac1 Re8 18. c4 Rxe1+ 19. Rxe1 dxc4 20. Qxc4 a6
21. Qb4 b6 22. g3 Qf6 23. Ne5 b5 24. Nxg6 Qxg6 25. Qe7 Qg5 26. Qb7 Rd8 27. Rd1
Qf6 28. d5 Qf3 29. Rd2 Re8 0-1

[Event "AUTO-MASTER-2525"]
[Site "http://www.queenalice.com/game.php?id=1481750"]
[Date "2017.6.10"]
[Round "2"]
[White "colognestar"]
[Black "crolik"]
[Result "0-1"]
[WhiteElo "2125"]
[BlackElo "2257"]

1. d4 e6 2. Bf4 Nf6 3. Nf3 c5 4. e3 d5 5. Nbd2 cxd4 6. exd4 Nc6 7. c3 Nh5 8. Bg3
Nxg3 9. hxg3 Bd7 10. Bd3 Qc7 11. Ng5 Be7 12. Qh5 O-O-O 13. Nxh7 e5 0-1

[Event "AUTO-MASTER-2525"]
[Site "http://www.queenalice.com/game.php?id=1481751"]
[Date "2017.6.10"]
[Round "2"]
[White "crolik"]
[Black "colognestar"]
[Result "1-0"]
[WhiteElo "2246"]
[BlackElo "2220"]

1. e4 d6 2. d4 Nf6 3. Nc3 Nbd7 4. f4 e5 5. dxe5 dxe5 6. fxe5 Nxe5 7. Qxd8+ Kxd8
8. Nf3 Nxf3+ 9. gxf3 c6 10. Bf4 Nh5 11. O-O-O+ Ke8 12. Bg5 Be6 13. Nb5 Rc8 14.
Nc7+ 1-0

[Event "AUTO-MASTER-2525"]
[Site "http://www.queenalice.com/game.php?id=1481754"]
[Date "2017.6.10"]
[Round "2"]
[White "Lamorteoscura77"]
[Black "crolik"]
[Result "0-1"]
[WhiteElo "2174"]
[BlackElo "2275"]

1. e4 e6 2. d3 d5 3. Nd2 c5 4. Ngf3 Nf6 5. g3 Nc6 6. Bg2 Be7 7. O-O Nd7 8. exd5
exd5 9. c3 Qc7 10. Nb3 O-O 11. Bf4 Bd6 12. Bxd6 Qxd6 13. d4 c4 14. Nbd2 Nf6 15.
Re1 b5 16. Ne5 Rb8 17. a4 a6 18. axb5 axb5 19. Ndf3 Re8 20. h3 Ne4 21. Nxc6 Qxc6
22. Ne5 Qb7 23. Qc2 Ra8 24. Rxa8 Qxa8 25. Kh2 Bf5 26. Qe2 h6 27. g4 Bh7 28. Qf3
f6 29. Nd7 Rd8 30. Nc5 Nxc5 31. dxc5 Be4 32. Qf4 Bxg2 33. Kxg2 d4+ 34. f3 d3 35.
Qe4 Qxe4 36. fxe4 Rc8 37. e5 Rxc5 38. exf6 gxf6 39. Kf3 Kf7 40. Re4 Rd5 41. Re1
Re5 42. Ra1 Kg6 43. h4 d2 44. Rd1 Rd5 45. Ke4 Rd8 46. Ke3 Rd3+ 47. Ke2 h5 48.
gxh5+ Kxh5 49. b3 f5 50. bxc4 bxc4 51. Kf2 Kxh4 52. Rh1+ Kg4 53. Rg1+ Kf4 54.
Rd1 Ke5 55. Ke2 Ke4 56. Kf2 f4 57. Ke2 f3+ 58. Kf2 Kf4 59. Kg1 Ke3 60. Kf1 f2
0-1

[Event "AUTO-MASTER-2525"]
[Site "http://www.queenalice.com/game.php?id=1481755"]
[Date "2017.6.10"]
[Round "2"]
[White "crolik"]
[Black "Lamorteoscura77"]
[Result "1-0"]
[WhiteElo "2265"]
[BlackElo "2185"]

1. e4 c5 2. c3 Nf6 3. e5 Nd5 4. d4 cxd4 5. cxd4 e6 6. Nf3 Bb4+ 7. Bd2 d6 8. Nc3
Bxc3 9. bxc3 O-O 10. Bd3 h6 11. Qe2 Nc6 12. O-O dxe5 13. Nxe5 Nxe5 14. dxe5 f5
15. Rab1 b6 16. Qf3 Bb7 17. Qg3 Kh7 18. c4 Ne7 19. Bb4 g5 20. Bd6 Rf7 21. Rfe1
Ng6 22. f3 Nf4 23. Bf1 Rg7 24. h3 Rc8 25. Red1 Qe8 26. Rbc1 Qa4 27. Qf2 Ba6 28.
g3 Ng6 29. Qd4 Bb7 30. Rd3 Ba6 31. Ra3 Qc6 32. Rxa6 Qxf3 33. Ra3 Qc6 34. Rc2 Qe4
35. Qxe4 fxe4 36. Re3 b5 37. Rxe4 Rb7 38. a3 a5 39. Rb2 b4 40. axb4 a4 41. b5 a3
42. Bxa3 Ne7 43. Bxe7 1-0

[Event "AUTO-MASTER-2525"]
[Site "http://www.queenalice.com/game.php?id=1481756"]
[Date "2017.6.10"]
[Round "2"]
[White "clovis"]
[Black "crolik"]
[Result "1-0"]
[WhiteElo "2014"]
[BlackElo "2266"]

1. e4 e6 2. d4 d5 3. exd5 exd5 4. Nf3 Bd6 5. Bd3 Ne7 6. O-O O-O 7. Ng5 Bf5 8.
Bxf5 Nxf5 9. c3 Qd7 10. Qh5 Nh6 11. Nf3 Ng4 12. h3 Nf6 13. Qh4 Re8 14. Bf4 Re4
15. g3 1-0

[Event "AUTO-MASTER-2525"]
[Site "http://www.queenalice.com/game.php?id=1481757"]
[Date "2017.6.10"]
[Round "2"]
[White "crolik"]
[Black "clovis"]
[Result "0-1"]
[WhiteElo "2287"]
[BlackElo "1986"]

1. e4 e5 2. d4 exd4 3. Qxd4 Nf6 4. Nc3 Nc6 5. Qe3 Bb4 6. Bd2 O-O 7. O-O-O Re8 8.
Bc4 Bxc3 9. Bxc3 Nxe4 10. Qf4 Nxc3 11. Bxf7+ Kh8 12. Bxe8 Qxe8 13. bxc3 d6 14.
Nf3 Bd7 0-1